World of the cell (Record no. 1209690)

MARC details
000 -LEADER
fixed length control field 01030nam a2200313Ia 4500
003 - CONTROL NUMBER IDENTIFIER
control field OSt
005 - DATE AND TIME OF LATEST TRANSACTION
control field 20221007122025.0
008 - FIXED-LENGTH DATA ELEMENTS--GENERAL INFORMATION
fixed length control field 221006b |||||||| |||| 00| 0 eng d
020 ## - INTERNATIONAL STANDARD BOOK NUMBER
International Standard Book Number 0321312082 (pbk)
037 ## - SOURCE OF ACQUISITION
Terms of availability Textbook
040 ## - CATALOGING SOURCE
Original cataloging agency BDL
Transcribing agency BDL
Language of cataloging eng
041 ## - LANGUAGE CODE
Source of code eng
Language code of text/sound track or separate title eng
100 ## - MAIN ENTRY--PERSONAL NAME
Personal name Becker Wayne M
245 #0 - TITLE STATEMENT
Title World of the cell
Remainder of title Kleinsmith Lewis J Hardin Jeff
250 ## - EDITION STATEMENT
Edition statement 6
260 ## - PUBLICATION, DISTRIBUTION, ETC.
Place of publication, distribution, etc. San
Name of publisher, distributor, etc. Francisco Pearson Education
Date of publication, distribution, etc. 2006
300 ## - PHYSICAL DESCRIPTION
Extent xxvi+v.p. Includes CD-ROM
Dimensions cm.
500 ## - GENERAL NOTE
General note Appendix A-1-A-30p; Glossary G-1-G-26p; Index I-1-I-30p
650 ## - SUBJECT ADDED ENTRY--TOPICAL TERM
Topical term or geographic name entry element Cell
9 (RLIN) 650605
650 ## - SUBJECT ADDED ENTRY--TOPICAL TERM
Topical term or geographic name entry element Botany
700 ## - ADDED ENTRY--PERSONAL NAME
Personal name Hardin Jeff
700 ## - ADDED ENTRY--PERSONAL NAME
Personal name Kleinsmith Lewis J
942 ## - ADDED ENTRY ELEMENTS (KOHA)
Classification part G11, P6 Carb
Koha item type Textbook
Source of classification or shelving scheme Colon Classification (CC)
Holdings
Withdrawn status Lost status Source of classification or shelving scheme Damaged status Not for loan Home library Current library Date acquired Source of acquisition Total Checkouts Full call number Barcode Date last seen Price effective from Koha item type
    Colon Classification (CC)     Department of Botany Library Department of Botany Library 2022-10-07 144/06-07, 29/11/2006, N R Book Distributors   G11 P6 Carb BD0005133 2022-10-07 2022-10-07 Textbook
Copyright @ Delhi University Library System